[Event "Pan American Intercollegiate-chT"]
[Site "Chess.com INT"]
[Date "2021.01.06"]
[Round "8"]
[White "Panchanatham, Vignesh"]
[Black "Moore, Michael"]
[Result "1-0"]
[WhiteElo "2371"]
[BlackElo "1873"]
[PlyCount "87"]
[EventDate "2021.01.04"]
[EventType "team-swiss (rapid)"]
[EventRounds "9"]
[EventCountry "USA"]
[SourceTitle "CBM 200 Extra"]
[Source "ChessBase"]
[SourceDate "2021.03.31"]
[SourceVersion "1"]
[SourceVersionDate "2021.03.31"]
[SourceQuality "1"]
[WhiteTeam "Princeton"]
[BlackTeam "Texas Tech Univ II"]
[WhiteTeamCountry "USA"]
[BlackTeamCountry "USA"]

1. e4 c5 2. Nc3 d6 3. g3 g6 4. Bg2 Bg7 5. Nge2 Nc6 6. 0-0 Nf6 7. d3 0-0 8. h3 Bd7 9. Be3 Rb8 10. Qd2 b5 11. f4 a5 12. Kh2 Qc7 13. Rac1 b4 14. Nd1 a4 15. c3 bxc3 16. bxc3 a3 17. d4 Na5 18. e5 Nc4 19. Qd3 Bb5 20. exf6 exf6 21. Bf2 Rfe8 22. Re1 Nb2 23. Qf3 Nd3 24. Ne3 Nxe1 25. Rxe1 cxd4 26. Nxd4 Qxc3 27. Nxb5 Rxb5 28. Nd5 Qxe1 29. Bxe1 Rxe1 30. Qc3 Re8 31. Nc7 Rc5 32. Qxc5 dxc5 33. Nxe8 c4 34. Nxg7 Kxg7 35. Kg1 f5 36. Kf2 Kf6 37. Ke3 h6 38. Kd4 g5 39. Kxc4 gxf4 40. gxf4 Kg6 41. Bf3 Kf6 42. Kb3 Ke6 43. Kxa3 Kd6 44. Kb4 1-0

[Event "Pan American Intercollegiate-chT"]
[Site "Chess.com INT"]
[Date "2021.01.05"]
[Round "5"]
[White "Grinberg, Eyal"]
[Black "Panchanatham, Vignesh"]
[Result "1-0"]
[WhiteElo "2491"]
[BlackElo "2371"]
[PlyCount "57"]
[EventDate "2021.01.04"]
[EventType "team-swiss (rapid)"]
[EventRounds "9"]
[EventCountry "USA"]
[SourceTitle "CBM 200 Extra"]
[Source "ChessBase"]
[SourceDate "2021.03.31"]
[SourceVersion "1"]
[SourceVersionDate "2021.03.31"]
[SourceQuality "1"]
[WhiteTeam "Texas Dallas Univ II"]
[BlackTeam "Princeton"]
[WhiteTeamCountry "USA"]
[BlackTeamCountry "USA"]

1. e4 e6 2. d4 d5 3. Nd2 Be7 4. Ngf3 Nf6 5. Bd3 c5 6. exd5 Qxd5 7. dxc5 a5 8. 0-0 Na6 9. Nc4 Bxc5 10. c3 0-0 11. Qc2 b6 12. Bg5 Bb7 13. Rad1 Ne4 14. Ne3 Qc6 15. Ne5 Qc7 16. Bxe4 Qxe5 17. Bxb7 Qxg5 18. Bxa8 Rxa8 19. Qe4 Nc7 20. Rd7 Nd5 21. Nxd5 exd5 22. Rxd5 Qe7 23. Re5 Qf8 24. Re1 g6 25. Re8 Rxe8 26. Qxe8 Qxe8 27. Rxe8+ Kg7 28. a3 Kf6 29. Rb8 1-0

[Event "Philadelphia int op 12th"]
[Site "Philadelphia"]
[Date "2018.07.01"]
[Round "6"]
[White "Panchanatham, Vignesh"]
[Black "Lin, Dachey"]
[Result "1-0"]
[WhiteElo "2431"]
[BlackElo "2240"]
[PlyCount "83"]
[EventDate "2018.06.28"]
[EventType "swiss"]
[EventRounds "9"]
[EventCountry "USA"]
[SourceTitle "CBM 185 Extra"]
[Source "ChessBase"]
[SourceDate "2018.07.29"]
[SourceVersion "1"]
[SourceVersionDate "2018.07.29"]
[SourceQuality "1"]

1. d4 g6 2. c4 Bg7 3. e4 c5 4. d5 d6 5. Bd3 Nf6 6. Nc3 0-0 7. f4 e6 8. Nf3 exd5 9. cxd5 b5 10. 0-0 a6 11. h3 Ra7 12. Bc2 b4 13. Ne2 Re8 14. Ng3 Nbd7 15. Re1 Nb6 16. Rb1 a5 17. b3 a4 18. Bb2 axb3 19. axb3 Ra2 20. Qc1 Bd7 21. Bd3 Qc8 22. Re2 Qa8 23. Nd2 Qa5 24. Nc4 Nxc4 25. Bxc4 Qa8 26. Qd1 Bc8 27. e5 Nd7 28. exd6 Rd8 29. Bxg7 Kxg7 30. Re7 Nf6 31. Qe1 Qb8 32. Ne4 Nxe4 33. Qxe4 Qxd6 34. Qe5+ Qxe5 35. fxe5 Bf5 36. Rf1 h5 37. d6 Rd2 38. Rxf7+ Kh6 39. Re1 Ra8 40. e6 Raa2 41. Bf1 c4 42. Rxf5 1-0

[Event "Philadelphia int op 12th"]
[Site "Philadelphia"]
[Date "2018.06.30"]
[Round "5"]
[White "Guo, Arthur"]
[Black "Panchanatham, Vignesh"]
[Result "0-1"]
[WhiteElo "2165"]
[BlackElo "2431"]
[PlyCount "100"]
[EventDate "2018.06.28"]
[EventType "swiss"]
[EventRounds "9"]
[EventCountry "USA"]
[SourceTitle "CBM 185 Extra"]
[Source "ChessBase"]
[SourceDate "2018.07.29"]
[SourceVersion "1"]
[SourceVersionDate "2018.07.29"]
[SourceQuality "1"]

1. e4 e6 2. d4 d5 3. Nd2 Be7 4. Ngf3 Nf6 5. e5 Nfd7 6. Bd3 c5 7. c3 Nc6 8. 0-0 g5 9. dxc5 g4 10. Nd4 Ndxe5 11. Bb5 Bd7 12. Bxc6 bxc6 13. f4 Ng6 14. b4 f5 15. Qe2 Kf7 16. N2b3 Qc8 17. c4 Re8 18. cxd5 exd5 19. Qd2 Rb8 20. a4 Bf6 21. Bb2 Re4 22. b5 Ne7 23. Rfe1 h5 24. Rxe4 fxe4 25. f5 Qh8 26. Qa5 Rb7 27. Rd1 Qb8 28. Qa6 Qc8 29. Na5 Rc7 30. Qxc8 Rxc8 31. Nb7 Bxd4+ 32. Bxd4 Nxf5 33. b6 axb6 34. cxb6 Nxd4 35. Nd6+ Ke6 36. Nxc8 Bxc8 37. Rxd4 c5 38. Rd1 Kd6 39. Rb1 Kc6 40. Kf2 d4 41. a5 e3+ 42. Ke1 h4 43. Rb2 Ba6 44. Rb3 Kb7 45. Ra3 c4 46. Ra4 d3 47. Ra3 Bb5 48. Rc3 Ba4 49. a6+ Kxa6 50. Ra3 d2+ 0-1

[Event "Philadelphia int op 12th"]
[Site "Philadelphia"]
[Date "2018.06.30"]
[Round "4"]
[White "Panchanatham, Vignesh"]
[Black "Stearman, Josiah P"]
[Result "0-1"]
[WhiteElo "2431"]
[BlackElo "2285"]
[PlyCount "122"]
[EventDate "2018.06.28"]
[EventType "swiss"]
[EventRounds "9"]
[EventCountry "USA"]
[SourceTitle "CBM 185 Extra"]
[Source "ChessBase"]
[SourceDate "2018.07.29"]
[SourceVersion "1"]
[SourceVersionDate "2018.07.29"]
[SourceQuality "1"]

1. d4 d5 2. c4 c6 3. Nf3 Nf6 4. e3 Bf5 5. Nc3 e6 6. Nh4 Be4 7. f3 Bg6 8. Qb3 Qc7 9. Bd2 Be7 10. g3 0-0 11. Rc1 dxc4 12. Bxc4 Nbd7 13. Nxg6 hxg6 14. 0-0 e5 15. Bd3 exd4 16. exd4 Qb6 17. Qxb6 Nxb6 18. Rfe1 Rfe8 19. Be3 Rad8 20. Bf2 Rd7 21. Ne4 Nxe4 22. Rxe4 Red8 23. Rce1 Bf6 24. Re8+ Kh7 25. Rxd8 Rxd8 26. Re4 Nc8 27. b4 Nd6 28. Re2 Nf5 29. Bxf5 gxf5 30. Rd2 Rd5 31. Be3 Be7 32. Rb2 Bf6 33. Rd2 Rb5 34. a3 a5 35. bxa5 Rxa5 36. Rd3 Be7 37. Bc1 Rd5 38. Rb3 b5 39. Be3 Bf6 40. Rc3 Rxd4 41. Rxc6 Rd3 42. Bc1 Rxf3 43. Kg2 Rb3 44. Rc7 Kg6 45. Rc6 Rc3 46. Rxc3 Bxc3 47. h4 Kh5 48. Kf3 Be5 49. Bd2 Bd6 50. Bc3 f6 51. Bb2 g5 52. Bxf6 g4+ 53. Kf2 Bxa3 54. Be5 Bc1 55. Bd6 f4 56. gxf4 Kxh4 57. Kg2 Bd2 58. Be7+ Kh5 59. Kg3 b4 60. f5 b3 61. Ba3 Bc3 0-1

[Event "Charlotte CCCSA GM-A"]
[Site "Charlotte"]
[Date "2018.06.07"]
[Round "3"]
[White "Panchanatham, Vignesh"]
[Black "Ostrovskiy, Aleksandr A"]
[Result "1/2-1/2"]
[WhiteElo "2431"]
[BlackElo "2414"]
[PlyCount "30"]
[EventDate "2018.06.06"]
[EventType "tourn"]
[EventRounds "9"]
[EventCountry "USA"]
[EventCategory "8"]
[SourceTitle "CBM 184 Extra"]
[Source "ChessBase"]
[SourceDate "2018.06.28"]
[SourceVersion "1"]
[SourceVersionDate "2018.06.28"]
[SourceQuality "1"]

1. d4 d5 2. c4 e6 3. Nf3 Nf6 4. Nc3 dxc4 5. e3 a6 6. a4 c5 7. Bxc4 Nc6 8. 0-0 Be7 9. b3 0-0 10. Ba3 cxd4 11. Nxd4 Bxa3 12. Rxa3 Nxd4 13. exd4 Bd7 14. Ra2 Bc6 15. Rd2 Qc7 1/2-1/2

[Event "Philadelphia op 12th"]
[Site "Philadelphia"]
[Date "2018.03.30"]
[Round "5"]
[White "Burke, John M"]
[Black "Panchanatham, Vignesh"]
[Result "1/2-1/2"]
[WhiteElo "2525"]
[BlackElo "2384"]
[PlyCount "194"]
[EventDate "2018.03.28"]
[EventType "swiss"]
[EventRounds "9"]
[EventCountry "USA"]
[SourceTitle "CBM 183 Extra"]
[Source "ChessBase"]
[SourceDate "2018.04.19"]
[SourceVersion "1"]
[SourceVersionDate "2018.04.19"]
[SourceQuality "1"]

1. e4 e6 2. d4 d5 3. Nc3 Nf6 4. Bg5 Be7 5. e5 Nfd7 6. h4 Bxg5 7. hxg5 Qxg5 8. Qd3 h5 9. Nf3 Qe7 10. g4 g6 11. 0-0-0 Nc6 12. gxh5 gxh5 13. Be2 Nf8 14. Rh2 h4 15. Rdh1 Bd7 16. Rxh4 Rxh4 17. Rxh4 f6 18. exf6 Qxf6 19. Nd1 0-0-0 20. Ne3 Ng6 21. Rh6 Be8 22. Qd2 Qf4 23. Ng2 Qf8 24. Qg5 Nce7 25. Kb1 Qf5 26. Qg3 Qf8 27. Qg5 Qf5 28. Ne3 Qf4 29. Rh7 Nc6 30. Qg4 Qxg4 31. Nxg4 Nf4 32. Bb5 Bg6 33. Rh4 Ng2 34. Rh2 Be4 35. Bxc6 Bxf3 36. Ne5 Ne1 37. Ba4 Be4 38. Rh6 c6 39. Rf6 Rh8 40. Kc1 Rh3 41. Kd2 Nf3+ 42. Nxf3 Rxf3 43. Rxf3 Bxf3 44. Ke3 Bd1 45. Kf4 a5 46. Bb3 b5 47. c3 Be2 48. Ke5 Kd7 49. Bc2 a4 50. Bg6 Ke7 51. Bh7 Bg4 52. Bd3 Bd1 53. Bf1 Bg4 54. Bg2 Bf5 55. Bf3 Bh3 56. Bh5 Bf5 57. f3 Bh7 58. Bg4 Bg8 59. Bh3 Bf7 60. Bf1 Bg6 61. Bh3 Bf7 62. f4 Bg8 63. Bg4 Bf7 64. f5 exf5 65. Bxf5 Be8 66. Be6 Bd7 67. Bxd7 Kxd7 68. Kf6 Kd6 69. Kf7 a3 70. b3 b4 71. cxb4 Kc7 72. Ke6 Kb6 73. Kd6 Kb5 74. Kc7 Kxb4 75. Kxc6 Kc3 76. Kxd5 Kb2 77. b4 Kxa2 78. b5 Kb3 79. b6 a2 80. b7 a1Q 81. b8Q+ Kc3 82. Qg3+ Kb4 83. Qd6+ Kc3 84. Qc5+ Kd3 85. Qc4+ Ke3 86. Qb3+ Kf4 87. Qb8+ Ke3 88. Qg3+ Kd2 89. Ke5 Ke2 90. Qb3 Kd2 91. Kd5 Qa8+ 92. Kc5 Qc8+ 93. Kd6 Qd8+ 94. Kc5 Qc8+ 95. Kb4 Qf8+ 96. Kc4 Qc8+ 97. Kb4 Qf8+ 1/2-1/2

[Event "Philadelphia op 12th"]
[Site "Philadelphia"]
[Date "2018.03.30"]
[Round "4"]
[White "Panchanatham, Vignesh"]
[Black "Popilski, Gil"]
[Result "1/2-1/2"]
[WhiteElo "2384"]
[BlackElo "2502"]
[PlyCount "84"]
[EventDate "2018.03.28"]
[EventType "swiss"]
[EventRounds "9"]
[EventCountry "USA"]
[SourceTitle "CBM 183 Extra"]
[Source "ChessBase"]
[SourceDate "2018.04.19"]
[SourceVersion "1"]
[SourceVersionDate "2018.04.19"]
[SourceQuality "1"]

1. d4 Nf6 2. c4 e5 3. dxe5 Ng4 4. Bf4 g5 5. Bg3 Bg7 6. Nf3 Nc6 7. Nc3 Ngxe5 8. Nxe5 Nxe5 9. e3 d6 10. Rc1 Be6 11. b3 f5 12. Be2 0-0 13. f4 Ng4 14. Bxg4 fxg4 15. 0-0 gxf4 16. exf4 Qd7 17. Nb5 Rae8 18. Nd4 c5 19. Nxe6 Qxe6 20. Kh1 Bd4 21. f5 Qe2 22. Qxe2 Rxe2 23. Bxd6 Rf6 24. Bg3 Ra6 25. a4 Rb6 26. Rb1 Re3 27. Bf4 Rexb3 28. Rbe1 Kf7 29. g3 Ra6 30. Re4 Rxa4 31. Bg5 Rf3 32. Re7+ Kf8 33. Rfe1 Rxf5 34. Bh6+ Kg8 35. Rxb7 Ra1 36. Rxa1 Bxa1 37. Rxa7 Bd4 38. Bf4 Rf6 39. h4 Rb6 40. h5 Rb4 41. Ra8+ Kg7 42. Ra7+ Kg8 1/2-1/2

[Event "North American op 26th"]
[Site "Las Vegas"]
[Date "2016.12.29"]
[Round "8"]
[White "Panchanatham, Vignesh"]
[Black "Pourkashiyan, Atousa"]
[Result "1-0"]
[WhiteElo "2381"]
[BlackElo "2335"]
[PlyCount "69"]
[EventDate "2016.12.26"]
[EventType "swiss"]
[EventRounds "9"]
[EventCountry "USA"]
[SourceTitle "CBM 176 Extra"]
[Source "ChessBase"]
[SourceDate "2017.03.02"]
[SourceVersion "1"]
[SourceVersionDate "2017.03.02"]
[SourceQuality "1"]

1. d4 Nf6 2. c4 e6 3. Nf3 d5 4. Nc3 Be7 5. cxd5 exd5 6. Bg5 c6 7. Qc2 g6 8. e4 dxe4 9. Bxf6 Bxf6 10. Qxe4+ Qe7 11. Bc4 Bf5 12. Qxe7+ Kxe7 13. 0-0-0 Nd7 14. h3 h5 15. Bb3 Rhd8 16. Rhg1 h4 17. g4 hxg3 18. fxg3 Nb6 19. Rge1+ Kf8 20. g4 Bc8 21. Ne4 Bg7 22. Nfg5 Nd5 23. Rf1 f5 24. gxf5 gxf5 25. Rf3 Bh6 26. h4 Kg7 27. Ng3 Rf8 28. Bc2 Bxg5+ 29. hxg5 f4 30. Nh5+ Kg8 31. Rg1 Be6 32. g6 Rae8 33. g7 Rf7 34. Bg6 Ree7 35. Bh7+ 1-0

[Event "North American op 26th"]
[Site "Las Vegas"]
[Date "2016.12.27"]
[Round "4"]
[White "Raptis, Nick"]
[Black "Panchanatham, Vignesh"]
[Result "1/2-1/2"]
[WhiteElo "2244"]
[BlackElo "2381"]
[PlyCount "123"]
[EventDate "2016.12.26"]
[EventType "swiss"]
[EventRounds "9"]
[EventCountry "USA"]
[SourceTitle "CBM 176 Extra"]
[Source "ChessBase"]
[SourceDate "2017.03.02"]
[SourceVersion "1"]
[SourceVersionDate "2017.03.02"]
[SourceQuality "1"]

1. Nf3 Nf6 2. g3 g6 3. Bg2 Bg7 4. 0-0 0-0 5. d4 d5 6. c4 c6 7. cxd5 cxd5 8. Nc3 Ne4 9. Bf4 Nc6 10. Rc1 Be6 11. Ne5 Nxc3 12. Rxc3 Rc8 13. Qa4 Qb6 14. Nxc6 Rxc6 15. Rxc6 bxc6 16. e3 c5 17. dxc5 Qxc5 18. b4 Qb6 19. a3 Rc8 20. e4 dxe4 21. Bxe4 Bd4 22. Kg2 Bh3+ 23. Kxh3 Qe6+ 24. g4 Qxe4 25. Qd7 Rc3+ 26. Bg3 f5 27. gxf5 Qxf5+ 28. Qxf5 gxf5 29. Kg2 e5 30. Rd1 Rc2 31. Kh3 Rc4 32. f3 Kf7 33. Rd3 Ke6 34. Rb3 Kd5 35. a4 Rc2 36. b5 f4 37. Be1 Re2 38. Rb1 Re3 39. Kg2 e4 40. fxe4+ Kxe4 41. a5 Re2+ 42. Kh3 Kf3 43. Bh4 Re6 44. Rf1+ Ke4 45. Bg5 Be3 46. Kg4 Rg6 47. h4 Rg7 48. b6 axb6 49. axb6 Rb7 50. Bxf4 Rf7 51. b7 Bxf4 52. Re1+ Kd3 53. Re8 h5+ 54. Kxh5 Rxb7 55. Kg4 Be3 56. Re6 Rg7+ 57. Kf5 Rh7 58. Kg4 Ke2 59. h5 Kf2 60. Rxe3 Kxe3 61. Kg5 Rg7+ 62. Kf6 1/2-1/2

[Event "North American op 26th"]
[Site "Las Vegas"]
[Date "2016.12.26"]
[Round "1"]
[White "Panchanatham, Vignesh"]
[Black "Cai, Jason"]
[Result "1-0"]
[WhiteElo "2381"]
[BlackElo "2237"]
[PlyCount "83"]
[EventDate "2016.12.26"]
[EventType "swiss"]
[EventRounds "9"]
[EventCountry "USA"]
[SourceTitle "CBM 176 Extra"]
[Source "ChessBase"]
[SourceDate "2017.03.02"]
[SourceVersion "1"]
[SourceVersionDate "2017.03.02"]
[SourceQuality "1"]

1. d4 e6 2. Nf3 f5 3. Nc3 d5 4. Bg5 Nf6 5. e3 Nbd7 6. Ne5 Be7 7. Bd3 Nxe5 8. dxe5 Ne4 9. Bxe7 Qxe7 10. Bxe4 fxe4 11. Qh5+ Qf7 12. Qxf7+ Kxf7 13. 0-0-0 Ke7 14. f3 exf3 15. gxf3 Rf8 16. Rhg1 g6 17. f4 Bd7 18. h4 Rf5 19. Rg4 Raf8 20. Ne2 R5f7 21. Ng3 Bb5 22. Kd2 d4 23. Ne4 Rd8 24. Rdg1 Bc6 25. Nf6 Bf3 26. R4g3 dxe3+ 27. Kxe3 Bd1 28. R1g2 Bh5 29. Rd2 Rxd2 30. Kxd2 Kf8 31. Rd3 Kg7 32. Ke3 h6 33. Rd8 Rf8 34. Nxh5+ gxh5 35. Rxf8 Kxf8 36. f5 exf5 37. Kf4 Ke7 38. Kxf5 Kf7 39. c4 c6 40. c5 b6 41. cxb6 axb6 42. a4 1-0

[Event "Dallas UT Fall op"]
[Site "Dallas"]
[Date "2016.11.22"]
[Round "8"]
[White "Velikanov, Alexander"]
[Black "Panchanatham, Vignesh"]
[Result "1/2-1/2"]
[WhiteElo "2355"]
[BlackElo "2376"]
[PlyCount "65"]
[EventDate "2016.11.18"]
[EventType "swiss"]
[EventRounds "9"]
[EventCountry "USA"]
[SourceTitle "CBM 175 Extra"]
[Source "ChessBase"]
[SourceDate "2016.12.12"]
[SourceVersion "1"]
[SourceVersionDate "2016.12.12"]
[SourceQuality "1"]

1. Nf3 Nf6 2. b3 d6 3. d4 g6 4. g3 Bg7 5. Bg2 0-0 6. 0-0 c6 7. Bb2 Bf5 8. Nbd2 Qd7 9. Re1 Ne4 10. Nh4 d5 11. Nxf5 Qxf5 12. Nxe4 dxe4 13. Qc1 Nd7 14. Qe3 Nf6 15. c4 Ng4 16. Qf4 Qxf4 17. gxf4 e3 18. fxe3 Nxe3 19. Be4 Rad8 20. Kf2 Bxd4 21. Bxd4 Ng4+ 22. Kg3 Rxd4 23. Bxc6 bxc6 24. Kxg4 Rfd8 25. Kf3 Rd2 26. Rec1 R8d4 27. Ke3 Kg7 28. b4 Rd7 29. a4 Rb2 30. Rcb1 Rc2 31. Rc1 Rb2 32. Rcb1 Rc2 33. Rc1 1/2-1/2

[Event "World op 44th"]
[Site "Philadelphia"]
[Date "2016.07.04"]
[Round "9"]
[White "Bryant, John Daniel"]
[Black "Panchanatham, Vignesh"]
[Result "1/2-1/2"]
[WhiteElo "2439"]
[BlackElo "2352"]
[PlyCount "222"]
[EventDate "2016.06.30"]
[EventType "swiss"]
[EventRounds "9"]
[EventCountry "USA"]
[SourceTitle "CBM 173 Extra"]
[Source "ChessBase"]
[SourceDate "2016.08.29"]
[SourceVersion "1"]
[SourceVersionDate "2016.08.29"]
[SourceQuality "1"]

1. d4 Nf6 2. Nf3 g6 3. g3 Bg7 4. Bg2 0-0 5. 0-0 d5 6. c3 Nbd7 7. a4 a5 8. Bf4 Nh5 9. Be3 c6 10. Nbd2 f5 11. Ng5 Ndf6 12. f3 f4 13. Bxf4 Nxf4 14. gxf4 Nh5 15. e3 e5 16. Nh3 exd4 17. cxd4 Bxh3 18. Bxh3 Bxd4 19. exd4 Nxf4 20. Bg2 Qg5 21. Rf2 Nh3+ 22. Kf1 Nxf2 23. Kxf2 Qh4+ 24. Ke3 Rae8+ 25. Kd3 Rf4 26. Qg1 Qe7 27. Ra3 c5 28. dxc5 Qe2+ 29. Kc2 Rb4 30. b3 d4 31. f4 Re3 32. Bd5+ Kg7 33. Ra2 Rc3+ 34. Kb1 Rxc5 35. Be4 Rc3 36. Rb2 b5 37. axb5 a4 38. Qg5 Rxb5 39. Qe7+ Kh6 40. Ka2 Rcxb3 41. Rc2 Rb2+ 42. Rxb2 Rxb2+ 43. Kxb2 Qxd2+ 44. Ka3 Qxf4 45. h4 d3 46. Bxd3 Qg3 47. Qf8+ Kh5 48. Qd8 Kg4 49. Kb2 Qxh4 50. Qd4+ Kg5 51. Qd8+ Kg4 52. Qd4+ Kg5 53. Qc5+ Kf4 54. Qb4+ Kg5 55. Qe7+ Kg4 56. Be2+ Kh3 57. Bf1+ Kg3 58. Qe1+ Kg4 59. Qe4+ Kg3 60. Qe3+ Kg4 61. Be2+ Kf5 62. Qc5+ Kf6 63. Qf8+ Ke5 64. Ka3 Qf4 65. Qc5+ Kf6 66. Bc4 Qc1+ 67. Kxa4 Qa1+ 68. Kb5 Qe5 69. Bd5 Qb8+ 70. Ka6 Kg7 71. Qe7+ Kh6 72. Qf6 Qc8+ 73. Kb6 Qb8+ 74. Bb7 Qe8 75. Kc7 Qg8 76. Qh4+ Kg7 77. Qd4+ Kh6 78. Qd2+ Kg7 79. Bc6 Qf7+ 80. Bd7 Qf6 81. Qe3 Qh4 82. Qc5 Qf4+ 83. Kb7 Qf3+ 84. Bc6 Qb3+ 85. Kc8 Qg8+ 86. Kc7 Qf7+ 87. Kb6 Qb3+ 88. Ka5 Qa2+ 89. Ba4 Qd2+ 90. Kb6 Qd8+ 91. Kb7 Qf6 92. Bb3 Qf3+ 93. Bd5 Qf6 94. Qc7+ Kh6 95. Bg8 Qg7 96. Bf7 Qb2+ 97. Kc8 Qf2 98. Kd8 Qf6+ 99. Ke8 Qh8+ 100. Ke7 Qd4 101. Qh2+ Kg7 102. Qc7 Qb4+ 103. Kd8 Qh4+ 104. Kc8 Qf6 105. Bb3+ Kh6 106. Qc1+ Kg7 107. Qc4 Qf8+ 108. Kd7 Qf5+ 109. Kd6 Qf6+ 110. Kc5 Qe7+ 111. Kd4 Qh4+ 1/2-1/2

[Event "World op 44th"]
[Site "Philadelphia"]
[Date "2016.07.02"]
[Round "4"]
[White "Panchanatham, Vignesh"]
[Black "Bachmann, Axel"]
[Result "1/2-1/2"]
[WhiteElo "2352"]
[BlackElo "2642"]
[PlyCount "101"]
[EventDate "2016.06.30"]
[EventType "swiss"]
[EventRounds "9"]
[EventCountry "USA"]
[SourceTitle "CBM 173 Extra"]
[Source "ChessBase"]
[SourceDate "2016.08.29"]
[SourceVersion "1"]
[SourceVersionDate "2016.08.29"]
[SourceQuality "1"]

1. d4 Nf6 2. c4 e6 3. Nf3 Bb4+ 4. Bd2 a5 5. Nc3 0-0 6. e3 b6 7. Bd3 Bb7 8. Qc2 d5 9. cxd5 exd5 10. Ne5 Be7 11. h3 Na6 12. a3 c5 13. Qa4 Bd6 14. Bb5 cxd4 15. exd4 Bxe5 16. dxe5 Nc5 17. Qf4 d4 18. exf6 dxc3 19. bxc3 Re8+ 20. Be3 Nd3+ 21. Bxd3 Qxd3 22. Qd4 Qg6 23. Qg4 Bxg2 24. Qxg6 fxg6 25. Rh2 Bf3 26. fxg7 Rad8 27. Kf1 Rd3 28. Bxb6 a4 29. Bd4 g5 30. Rg2 Bxg2+ 31. Kxg2 Rd2 32. Kg3 h6 33. Rb1 Ra2 34. Rb6 Kh7 35. Kg4 Re4+ 36. Kg3 Rxd4 37. cxd4 Kxg7 38. Ra6 Rxa3+ 39. Kg4 Ra2 40. f3 Ra3 41. d5 Rd3 42. d6 Rd5 43. Ra7+ Kf6 44. Rxa4 Rxd6 45. f4 gxf4 46. Rxf4+ Kg6 47. Ra4 Rb6 48. Rc4 Rd6 49. Ra4 Rb6 50. Rc4 Rd6 51. Ra4 1/2-1/2

[Event "Southwest Class-ch 7th"]
[Site "Dallas"]
[Date "2016.02.14"]
[Round "7"]
[White "Brown, Michael William"]
[Black "Panchanatham, Vignesh"]
[Result "1/2-1/2"]
[WhiteElo "2424"]
[BlackElo "2339"]
[PlyCount "98"]
[EventDate "2016.02.11"]
[EventType "swiss"]
[EventRounds "9"]
[EventCountry "USA"]
[SourceTitle "EXT 2018"]
[Source "ChessBase"]
[SourceDate "2017.10.13"]
[SourceVersion "1"]
[SourceVersionDate "2017.10.13"]
[SourceQuality "1"]

1. d4 Nf6 2. c4 g6 3. Nc3 Bg7 4. e4 d6 5. Be2 0-0 6. Nf3 Na6 7. Be3 e5 8. d5 Nc5 9. Nd2 a5 10. a3 b6 11. b4 Nb7 12. Nb3 Qe7 13. Rc1 Ne8 14. 0-0 f5 15. f3 Bf6 16. c5 a4 17. c6 Nd8 18. Nd2 Bg5 19. Bxg5 Qxg5 20. Nc4 Nf7 21. Qd2 f4 22. b5 h5 23. Bd1 Qd8 24. Re1 g5 25. Kf1 Kg7 26. Ke2 Rh8 27. Kd3 Nf6 28. Nxa4 g4 29. Nc3 h4 30. Rg1 Ng5 31. Ra1 Qe8 32. Qf2 Qg6 33. Nd2 g3 34. Qe1 Nh5 35. Nf1 h3 36. gxh3 Bxh3 37. hxg3 Bxf1+ 38. Qxf1 Nxg3 39. Qe1 Rh2 40. Rxg3 fxg3 41. Qxg3 Rh3 42. Qg4 Rf8 43. Be2 Rf4 44. Qd7+ Rf7 45. Qg4 Rhxf3+ 46. Bxf3 Rxf3+ 47. Ke2 Rf4 48. Qd7+ Rf7 49. Qg4 Rf4 1/2-1/2

[Event "Southwest Class-ch 7th"]
[Site "Dallas"]
[Date "2016.02.14"]
[Round "6"]
[White "Panchanatham, Vignesh"]
[Black "Baryshpolets, Andrey"]
[Result "0-1"]
[WhiteElo "2339"]
[BlackElo "2548"]
[PlyCount "98"]
[EventDate "2016.02.11"]
[EventType "swiss"]
[EventRounds "9"]
[EventCountry "USA"]
[SourceTitle "EXT 2018"]
[Source "ChessBase"]
[SourceDate "2017.10.13"]
[SourceVersion "1"]
[SourceVersionDate "2017.10.13"]
[SourceQuality "1"]

1. d4 Nf6 2. c4 e6 3. Nf3 d5 4. cxd5 exd5 5. Nc3 c6 6. Qc2 g6 7. Bg5 Be7 8. e4 dxe4 9. Bxf6 Bxf6 10. Qxe4+ Kf8 11. 0-0-0 Nd7 12. Bc4 Kg7 13. h4 Nb6 14. Bb3 Bf5 15. Qf4 h5 16. Ne5 Nd5 17. Bxd5 cxd5 18. f3 Rc8 19. Rd2 Qb6 20. Re2 Rxc3+ 21. bxc3 Qb1+ 22. Kd2 Qxh1 23. Nxf7 Rc8 24. Nd6 Qb1 25. Nxc8 Qc2+ 26. Ke1 Qxc3+ 27. Kf2 Bxc8 28. Kg3 Bf5 29. Rd2 Qc1 30. Kh2 Bd8 31. g3 Qc7 32. Qe3 Bxh4 33. Qe5+ Qxe5 34. dxe5 Be7 35. Rxd5 Be6 36. Rd2 b5 37. Rc2 a5 38. Kg2 Kf7 39. Kf2 Bc4 40. Ke3 Ke6 41. Kd4 a4 42. g4 hxg4 43. fxg4 Bd8 44. Rh2 Bc7 45. Rh6 Bxe5+ 46. Kc5 Kf6 47. a3 Kg5 48. Rh1 Kxg4 49. Rg1+ Kf5 0-1

[Event "Southwest Class-ch 7th"]
[Site "Dallas"]
[Date "2016.02.13"]
[Round "5"]
[White "Indjic, Aleksandar"]
[Black "Panchanatham, Vignesh"]
[Result "0-1"]
[WhiteElo "2562"]
[BlackElo "2339"]
[PlyCount "106"]
[EventDate "2016.02.11"]
[EventType "swiss"]
[EventRounds "9"]
[EventCountry "USA"]
[SourceTitle "EXT 2018"]
[Source "ChessBase"]
[SourceDate "2017.10.13"]
[SourceVersion "1"]
[SourceVersionDate "2017.10.13"]
[SourceQuality "1"]

1. d4 Nf6 2. Bg5 d5 3. e3 e6 4. c3 Nbd7 5. Bd3 Be7 6. f4 b6 7. Nd2 Bb7 8. Qf3 c5 9. Nh3 Qc7 10. Nf2 0-0-0 11. a4 h6 12. Bxf6 gxf6 13. a5 Kb8 14. axb6 Qxb6 15. Ra2 e5 16. 0-0 cxd4 17. exd4 exd4 18. cxd4 Bb4 19. Nb3 Rhe8 20. Bf5 Ba6 21. Nd3 Bc4 22. Ra4 Bd6 23. Na5 Bb5 24. Rfa1 Bxa4 25. Rxa4 Qb5 26. h4 Nb6 27. Ra1 Nc4 28. b4 Nxa5 29. Rxa5 Qc4 30. Rxd5 Bxb4 31. Bd7 Re3 32. Qxe3 Qxd5 33. Nxb4 Qxd7 34. d5 Ka8 35. Nc6 Rc8 36. Qc5 Qc7 37. Kh1 Qb6 38. Qe7 Qf2 39. Qxf7 Qe1+ 40. Kh2 Qxh4+ 41. Kg1 Qe1+ 42. Kh2 Qe3 43. f5 Re8 44. Qc7 Qf2 45. Ne7 Qh4+ 46. Kg1 Qe1+ 47. Kh2 Qxe7 48. Qc6+ Kb8 49. d6 Qe5+ 50. g3 Qe2+ 51. Kh3 Qf1+ 52. Kh4 Rc8 53. d7 Qc4+ 0-1

[Event "Dallas UT Fall op"]
[Site "Dallas"]
[Date "2015.11.25"]
[Round "9"]
[White "Panchanatham, Vignesh"]
[Black "Drozdowski, Kacper"]
[Result "0-1"]
[WhiteElo "2307"]
[BlackElo "2481"]
[PlyCount "80"]
[EventDate "2015.11.20"]
[EventType "swiss"]
[EventRounds "9"]
[EventCountry "USA"]
[SourceTitle "CBM 169 Extra"]
[Source "ChessBase"]
[SourceDate "2015.12.18"]
[SourceVersion "1"]
[SourceVersionDate "2015.12.18"]
[SourceQuality "1"]

1. d4 d6 2. c4 e5 3. dxe5 dxe5 4. Qxd8+ Kxd8 5. Nc3 c6 6. a3 Be6 7. e4 Nd7 8. Be3 Bc5 9. Bxc5 Nxc5 10. 0-0-0+ Kc7 11. Nf3 Bg4 12. b4 Ne6 13. Ne2 Bxf3 14. gxf3 Nf6 15. Bh3 Ng5 16. Bg2 a5 17. b5 Rad8 18. bxc6 bxc6 19. h4 Ne6 20. Bh3 Nc5 21. Kc2 Rb8 22. Rhg1 g6 23. Nc3 Nh5 24. Ne2 Rb7 25. Rb1 Rhb8 26. Rxb7+ Rxb7 27. Rd1 Nf4 28. Nxf4 exf4 29. Rd4 f6 30. Rd1 Rb3 31. Rd7+ Kb6 32. Rxh7 Rxf3 33. Bc8 Rxf2+ 34. Kc3 Rf3+ 35. Kc2 Rxa3 36. Rg7 Rg3 37. Kd1 a4 38. Ke2 a3 39. Bf5 a2 40. Rg8 gxf5 0-1